Thợ nguội sữa chữa /
Đã lưu trong:
| 主要作者: | |
|---|---|
| 格式: | 圖書 |
| 語言: | Vietnamese |
| 出版: |
Hammersmith :
Bộ Khoa học CN và MT ,
1960
|
| 版: | In lần thứ 1 |
| 主題: | |
| 標簽: |
添加標簽
沒有標簽, 成為第一個標記此記錄!
|
| Thư viện lưu trữ: | Thư viện Trường CĐ Kỹ Thuật Cao Thắng |
|---|
| LEADER | 00669nam a2200205 a 4500 | ||
|---|---|---|---|
| 001 | TVCDKTCT685 | ||
| 003 | Thư viện trường Cao đẳng Kỹ thuật Cao Thắng | ||
| 005 | 20050803000000 | ||
| 008 | 050803 | ||
| 980 | \ | \ | |a Thư viện Trường CĐ Kỹ Thuật Cao Thắng |
| 024 | |a RG_1 #1 eb0 i1 | ||
| 041 | 0 | # | |a vie |
| 082 | # | # | |a 621.802 / |b V500T-th |
| 100 | 1 | # | |a Vũ Tuấn, |e Người dịch |
| 245 | 0 | 0 | |a Thợ nguội sữa chữa / |c Vũ Tuấn |
| 250 | # | # | |a In lần thứ 1 |
| 260 | # | # | |a Hammersmith : |b Bộ Khoa học CN và MT , |c 1960 |
| 300 | # | # | |a 155tr. ; |c 21cm |
| 650 | # | 4 | |a Cơ khí |
| 650 | # | 4 | |a Chế tạo kim loại |